Bài giảng tiếng việt 1 dùng cho ngành giáo dục tiểu học hệ cử nhân

Uloženo v:
Podrobná bibliografie
Hlavní autor: Hồ Thị Thu Hà
Další autoři: Phạm Thị Sâm
Médium: Kniha
Jazyk:Vietnamese
Vydáno: Đồng Tháp [kxd] 2004
Témata:
Tagy: Přidat tag
Žádné tagy, Buďte první, kdo otaguje tento záznam!
Thư viện lưu trữ: Trung tâm Học liệu Lê Vũ Hùng, Trường Đại học Đồng Tháp
LEADER 00925pam a22002418a 4500
001 00025437
008 110804s2004 ||||||viesd
005 20171026081022.0
041 0 # |a vie 
082 1 4 |a 410  |b B103GI 
100 0 # |a Hồ Thị Thu Hà 
245 0 0 |a Bài giảng tiếng việt 1  |b dùng cho ngành giáo dục tiểu học hệ cử nhân  |c Hồ Thị Thu Hà,Phạm Thị Sâm 
260 # # |a Đồng Tháp  |b [kxd]  |c 2004 
300 # # |a 39tr.  |c 27cm. 
500 # # |a ĐTTS ghi: Trường ĐHSP Đồng Tháp.Khoa tiểu học mầm non 
653 # # |a ngôn ngữ 
653 # # |a tiếng việt 
700 0 # |a Phạm Thị Sâm 
852 # # |b Kho giáo trình  |j KGT.0022937, KGT.0022938 
852 # # |b Kho mượn  |j KGT.0022937 
852 # # |j KGT.0022937  |j KGT.0022938 
910 |d 04/08/2011 
980 # # |a Trung tâm Học liệu Lê Vũ Hùng, Trường Đại học Đồng Tháp